000 00864nam0a22002531 4500
001 rc\4238070
005 20250611142708.0
021 _aRU
_b[66-69807]
035 _a(NLR Aleph) 008229366
090 _a8206536
_c8206536
100 _a20130416d1966 |||y0rusy50 ca
101 0 _arus
102 _aRU
105 _aa z |||a|
200 1 _aВместе с солнышком
_e[Рассказы
_eДля дошкольного и мл. школьного возраста]
_fРис. Р. Габриэляна
210 _aЧелябинск
_cЮжно-Уральское кн. изд-во
_d1966
215 _a[18] с.
_cил.
_d26
700 1 _aАнтонова
_bТ.А.
_gТамара Антоновна
702 1 _aГабриэлян
_bР.
_4440
801 0 _aRU
_bNLR
_gpsbo
801 1 _aRU
_bELAR
_2rusmarc
852 _aNLR
_j66-7/1895
942 _cBOOK
980 _aNB